000 00311nam a2200121Ia 4500
003 GCL
008 140319s9999 xx 000 0 eng d
040 _aGCL /
_cGCL
082 0 4 _a005.72
_bMA
245 1 0 _aQue's Guide To Data Recovery
260 _a[S.N] :
_bMacmillan Publishing Company ،
_c1991
300 _a498 P
999 _c19926
_d19926